000 00349nam a2200109Ia 4500
008 160531s9999 xx 000 0 und d
100 _aYdri, Badis.
245 _aIntroduction to Computational Physics and Monte Carlo Simulations of Matrix Field Theory
245 _cby Badis Ydri
260 _c2015
856 _uhttp://arxiv.org/pdf/1506.02567v2.pdf
999 _c295173
_d295173